|
|
|
|
| LEADER |
00000nam a2200000 a 4500 |
| 001 |
vtls010625946 |
| 003 |
SK-MaSNL |
| 005 |
20260301093628.0 |
| 008 |
160429s2012 xo a a 000 0 slo |
| 015 |
|
|
|a SNBA2014/10
|
| 020 |
|
|
|a 9788081390142 (brož.)
|
| 040 |
|
|
|a SNK
|b slo
|c SNK
|e AACR2
|
| 041 |
0 |
|
|a slo
|
| 044 |
|
|
|a xo
|c SK
|
| 072 |
|
7 |
|a 373.2/.3
|x Predškolská a primárna výchova a vzdelávanie
|2 konspekt
|
| 072 |
|
7 |
|a 0/9-053.2
|x Literatúra pre deti a mládež (náučná)
|2 konspekt
|
| 080 |
|
|
|a 159.955
|2 2001
|
| 080 |
|
|
|a (0.053.2)
|2 2001
|
| 080 |
|
|
|a (076.1)
|2 2001
|
| 080 |
|
|
|a (076.5)
|2 2001
|
| 080 |
|
|
|a 006.92
|2 2001
|
| 080 |
|
|
|a 681.111/.118
|2 2001
|
| 245 |
0 |
0 |
|a Koľko je hodín?
|b čas a hodiny
|
| 246 |
3 |
0 |
|a Čas a hodiny
|
| 260 |
|
|
|a [Bratislava]
|b Pro Solutions
|c 2012
|
| 300 |
|
|
|a 29 s.
|b fareb. ilustr.
|c 26 cm
|
| 490 |
1 |
|
|a miniLÜK
|
| 500 |
|
|
|a Názov z obalu
|
| 500 |
|
|
|a K zošitu patrí rámik miniLÜK
|
| 521 |
1 |
|
|a Od 5 rokov
|
| 650 |
0 |
7 |
|a rozvoj myslenia
|2 SNKPH
|9 3967
|
| 650 |
0 |
7 |
|a Development of thought
|2 SNKPHeng
|9 312971
|
| 650 |
0 |
7 |
|a určovanie času
|2 SNKPH
|9 66856
|
| 650 |
0 |
7 |
|a Time determination
|2 SNKPHeng
|9 346103
|
| 650 |
0 |
7 |
|a hodiny
|2 SNKPH
|9 29684
|
| 650 |
0 |
7 |
|a Clocks
|2 SNKPHeng
|9 347089
|
| 655 |
|
7 |
|a publikácie pre deti
|2 SNKPH
|9 70148
|
| 655 |
|
7 |
|a pracovné zošity
|2 SNKPH
|9 70188
|
| 655 |
|
7 |
|a praktické cvičenia
|2 SNKPH
|9 70517
|
| 655 |
|
7 |
|a Children's literature
|2 SNKPHeng
|9 276039
|
| 655 |
|
7 |
|a Activity books
|2 SNKPHeng
|9 302885
|
| 655 |
|
7 |
|a Problems, exercises, etc.
|2 SNKPHeng
|9 278342
|
| 830 |
|
0 |
|a miniLÜK
|9 426273
|
| 919 |
|
|
|a 978-80-8139-014-2
|
| 958 |
|
|
|a DB
|
| 999 |
|
|
|c 677639
|d 679569
|
| 952 |
|
|
|a SNK
|b SNK
|y PREZ
|7 0
|p 17A1116845
|o snkOSB 17654
|i snk2014/20606
|8 0
|0 0
|1 0
|4 0
|d 2014-10-03
|l 0
|r 2026-02-23 19:46:51
|w 2026-02-23
|
| 952 |
|
|
|a SNK
|b SNK
|y PREZ
|7 0
|p 17A1116847
|o snkOSB 17654 D1
|i snk2014/20607
|8 0
|0 0
|1 0
|4 0
|d 2014-10-03
|l 0
|r 2026-02-23 19:46:51
|w 2026-02-23
|